000 00421nab a22001097u 4500
008 130520b2009 xxu||||| |||| 00| 0 spa d
041 _aspa
100 1 _aÁlvarez de los Mozos, Patxi
_970697
245 0 0 _aLa investigación social en el horizonte de la misión de la Compañia de Jesús
_cPatxi Álvarez De Los Mozos
773 0 _tRevista de Fomento Social
_gV.64, nº253,2009,págs. 49-78
_x0015-6043
_wRev372
942 _cAR
999 _c409697
_d409697